Математика 1.1. Часть 1 / ДО 2018: электронный курс

Библиографические подробности
Главный автор: Терехина Л. И. Людмила Ивановна
Автор-организация: Национальный исследовательский Томский политехнический университет Физико-технический институт Кафедра высшей математики и математической физики
Примечания:Заглавие с экрана
Дисциплина «Математика 1.1. Часть 1 (Линейная алгебра и аналитическая геометрия)» изучается в первом семестре первого курса. Задачами дисциплины являются: развитие математической интуиции, воспитание математической культуры; формирование навыков, необходимых для использования знаний при изучении специальных дисциплин и дальнейшей практической деятельности; овладение необходимым математическим аппаратом, дающим возможность анализировать, моделировать и решать технические задачи; воспитание отношения к математике как к инструменту исследования и решения технических задач, необходимому в дальнейшей работе.
Доступ по логину и паролю
Язык:русский
Опубликовано: Томск, TPU Moodle, 2017
Предметы:
Online-ссылка:https://design.lms.tpu.ru/course/view.php?id=2672
Формат: Электронный ресурс Книга
Запись в KOHA:https://koha.lib.tpu.ru/cgi-bin/koha/opac-detail.pl?biblionumber=666187

MARC

LEADER 00000nlm0a2200000 4500
001 666187
005 20240111112452.0
035 |a (RuTPU)RU\TPU\network\37391 
035 |a RU\TPU\network\36587 
090 |a 666187 
100 |a 20211209d2017 m y0rusy50 ca 
101 0 |a rus 
102 |a RU 
105 |a a j 000zy 
135 |a jrcn ---uucaa 
181 0 |a i  
182 0 |a b 
200 1 |a Математика 1.1. Часть 1 / ДО 2018  |e электронный курс  |f Л. И. Терехина  |g Национальный исследовательский Томский политехнический университет, Физико-технический институт, Кафедра высшей математики и математической физики 
203 |a Текст  |c электронный 
210 |a Томск  |c TPU Moodle  |d 2017 
300 |a Заглавие с экрана 
330 |a Дисциплина «Математика 1.1. Часть 1 (Линейная алгебра и аналитическая геометрия)» изучается в первом семестре первого курса. Задачами дисциплины являются: развитие математической интуиции, воспитание математической культуры; формирование навыков, необходимых для использования знаний при изучении специальных дисциплин и дальнейшей практической деятельности; овладение необходимым математическим аппаратом, дающим возможность анализировать, моделировать и решать технические задачи; воспитание отношения к математике как к инструменту исследования и решения технических задач, необходимому в дальнейшей работе. 
333 |a Доступ по логину и паролю 
606 1 |a Математика  |2 stltpush  |3 (RuTPU)RU\TPU\subj\67327  |9 83171 
610 1 |a электронный ресурс 
610 1 |a труды учёных ТПУ 
610 1 |a электронные учебные пособия 
610 1 |a учебные пособия 
610 1 |a Moodle 
610 1 |a e-learning 
610 1 |a матрицы 
610 1 |a система линейных уравнений 
610 1 |a скалярное произведение 
610 1 |a векторное произведение 
610 1 |a смешанное произведение 
610 1 |a параболоиды 
610 1 |a цилиндрические поверхности 
610 1 |a дифференциалы 
610 1 |a экстремумы 
610 1 |a выпуклость 
610 1 |a полные дифференциалы 
675 |a 51(075.8)  |v 4 
700 1 |a Терехина  |b Л. И.  |c математик  |c доцент Томского политехнического университета, кандидат физико-математических наук  |f 1954-  |g Людмила Ивановна  |3 (RuTPU)RU\TPU\pers\26623  |9 12281 
712 0 2 |a Национальный исследовательский Томский политехнический университет  |b Физико-технический институт  |b Кафедра высшей математики и математической физики  |3 (RuTPU)RU\TPU\col\18727 
801 2 |a RU  |b 63413507  |c 20211209  |g RCR 
856 4 |u https://design.lms.tpu.ru/course/view.php?id=2672 
942 |c CF